Iloveuihateu lyrics- Playboi Carti - Statistics

General Stats
  • This quiz has been taken 227 times
  • The average score is 176 of 306
Answer Stats
Hint Answer % Correct
I
100%
A
93%
My
91%
Red
89%
Hair
88%
Like
88%
Of
86%
To
86%
Just
84%
Look
83%
Thinkin
81%
All
80%
Alll
80%
Be
80%
Dyin
80%
Bout
78%
x2 E
78%
Bloody
77%
Mary
77%
Pint
76%
Cup
75%
Im
73%
So
73%
That
73%
x2 | x4 What
73%
Dirty
71%
Do
71%
Sippin
71%
Been
69%
x2 Dont
69%
Cups
68%
Yeah
66%
x2 You
65%
x2 Close
61%
x2 Get
61%
x2 Roll
61%
x2 Problems
60%
x2 Death
58%
x2 On
58%
x2 Mix
57%
x2 Too
57%
x2 Bed
56%
x2 Know
56%
Bitch
55%
x2 Got
55%
x2 Prometh
55%
x2 Until
53%
x2 And
50%
She
50%
With
50%
Me
49%
The
49%
Shawty
48%
In
46%
x2 Baby
43%
It
43%
x2 Cause
42%
x2 cause
42%
He
41%
Wanna
41%
Want
41%
Carti
40%
Molly
38%
x2 Gotta
37%
x2 Hurt
37%
See
37%
Shit
37%
x2 Some
37%
Diamonds
35%
They
35%
This
35%
x2 Wont
35%
Come
34%
x2 Eat
34%
Really
34%
Rich
33%
x2 Dead
30%
Ride
30%
Young
30%
Codeine
29%
Her
29%
Party
29%
Full
28%
Phones
28%
Gon
27%
These
27%
Little
26%
Blingin
25%
Is
25%
Make
25%
Ringin
25%
We
25%
Witch
25%
Told
24%
Hands
23%
Body
22%
Money
22%
Thinking
22%
Front
21%
Horny
21%
x2 Not
21%
Seat
21%
Drank
20%
Hot
20%
x2 New
20%
Stick
20%
Them
20%
x2 Boys
19%
Off
19%
Pop
19%
Oxy
18%
Pills
18%
Your
18%
Head
17%
Stay
17%
Takin
17%
Buddha
16%
Chances
16%
Doin
16%
Remove
16%
Rock
16%
Coolin
15%
Contin
14%
Take
14%
Gold
13%
Cousin
12%
Shoutout
9%
No matching quizzes found
Score Distribution
Percent of People with Each Score
Percentile by Number Answered
Your Score History
You have not taken this quiz